Essential neuroscience / (Record no. 29319)

MARC details
000 -LEADER
fixed length control field 01839cam a2200409 i 4500
001 - CONTROL NUMBER
control field 20490446
003 - CONTROL NUMBER IDENTIFIER
control field EG-ScBUE
005 - DATE AND TIME OF LATEST TRANSACTION
control field 20210804113349.0
008 - FIXED-LENGTH DATA ELEMENTS--GENERAL INFORMATION
fixed length control field 180508s2019 paua f d 001 0 eng d
020 ## - INTERNATIONAL STANDARD BOOK NUMBER
International Standard Book Number 9781496382405
020 ## - INTERNATIONAL STANDARD BOOK NUMBER
International Standard Book Number 1496382404
035 ## - SYSTEM CONTROL NUMBER
System control number (DNLM)101726886
040 ## - CATALOGING SOURCE
Original cataloging agency DNLM/DLC
Language of cataloging eng
Description conventions rda
Transcribing agency DLC
Modifying agency DLC
-- EG-ScBUE
082 04 - DEWEY DECIMAL CLASSIFICATION NUMBER
Classification number 612.8
Item number SIE
Edition number 22
100 1# - MAIN ENTRY--PERSONAL NAME
Personal name Siegel, Allan,
Dates associated with a name 1939-
Relator term author.
245 10 - TITLE STATEMENT
Title Essential neuroscience /
Statement of responsibility, etc Allan Siegel, PhD, professor emeritus, Department of Pharmacology, Physiology and Neuroscience, Department of Psychiatry, Rutgers University, Rutgers New Jersey Medical School, Newark, New Jersey, Hreday N. Sapru, PhD, Professor, Department of Neurological Surgery, Department Pharmacology, Physiology and Neurscience, Rutgers University, Rutgers New Jersey Medical School, Newark, New Jersey ; case histories written by Heidi E. Siegel, MD.
250 ## - EDITION STATEMENT
Edition statement Fourth edition.
264 #1 - PUBLICATION, DISTRIBUTION, ETC. (IMPRINT)
Place of publication, distribution, etc Philadelphia :
Name of publisher, distributor, etc Wolters Kluwer,
Date of publication, distribution, etc [2019]
264 #4 - PUBLICATION, DISTRIBUTION, ETC. (IMPRINT)
Date of publication, distribution, etc c2019
300 ## - PHYSICAL DESCRIPTION
Extent 1 volume (various pagings) :
Other physical details illustrations ;
Dimensions 28 cm
336 ## - CONTENT TYPE
Content type term text
Source rdacontent
Content type code txt
337 ## - MEDIA TYPE
Media type term unmediated
Source rdamedia
Media type code n
338 ## - CARRIER TYPE
Carrier type term volume
Source rdacarrier
Carrier type code nc
500 ## - GENERAL NOTE
General note Includes index.
500 ## - GENERAL NOTE
General note Includes glossary.
650 #7 - SUBJECT ADDED ENTRY--TOPICAL TERM
Topical term or geographic name as entry element Neurosciences
General subdivision Outlines, syllabi, etc.
Source of heading or term BUEsh
650 #7 - SUBJECT ADDED ENTRY--TOPICAL TERM
Topical term or geographic name as entry element Mental Disorders
General subdivision physiopathology.
Source of heading or term BUEsh
650 #2 - SUBJECT ADDED ENTRY--TOPICAL TERM
Topical term or geographic name as entry element Nervous System Physiological Phenomena.
Source of heading or term BUEsh
9 (RLIN) 39373
653 ## - INDEX TERM--UNCONTROLLED
Resource For college Generalities
Arrived date list August2021
655 ## - INDEX TERM--GENRE/FORM
Form subdivision Reading book
9 (RLIN) 34232
700 1# - ADDED ENTRY--PERSONAL NAME
Personal name Sapru, Hreday N.,
Relator term author.
700 1# - ADDED ENTRY--PERSONAL NAME
Personal name Siegel, Heidi,
Relator term Commentator for written text
906 ## - LOCAL DATA ELEMENT F, LDF (RLIN)
a 7
b cbc
c orignew
d 1
e ecip
f 20
g y-gencatlg
942 ## - ADDED ENTRY ELEMENTS (KOHA)
Source of classification or shelving scheme Dewey Decimal Classification
Koha item type Book - Borrowing
Holdings
Withdrawn status Lost status Source of classification or shelving scheme Damaged status Not for loan Collection code Home library Current library Shelving location Date acquired Source of acquisition Cost, normal purchase price Serial Enumeration / chronology Total Checkouts Total Renewals Full call number Barcode Checked out Date last seen Date checked out Cost, replacement price Price effective from Koha item type
    Dewey Decimal Classification     Baccah Central Library Central Library First floor 04/08/2021 Purchase 1540.00 35755 2 16 612.8 SIE 000050485 16/03/2026 17/09/2025 17/09/2025 1925.00 04/08/2021 Book - Borrowing